00822nam a2200229Ia 4500003000900000008004100009020001800050040001600068080001800084245011400102260004200216300001600258650004100274650001000315650003600325650003800361650001400399700003500413942000700448999001500455952012200470IN-BaIIA211028s9999 xx 000 0 eng d a90-277-1862-8 cIIA Library a523.92bSTU-3 0aPhysics of the Sunbvol. 3, the solar interiorcedited by Peter A Sturrock  aDordrechtbD. Reidel Publishingc1986 aviii, 257p. aAstronomy and astrophysics thesaurus aEarth aSolar planetary relations91464 aSolar terrestrial relations93191 aSun91200 aSturrock, Peter A., ed.911889 cBK c8700d8700 00104070aBANbBANcGENd1986-06-05g612.00l0o523.92/ STU-3p9575r2021-11-05v612.00w1986-06-05yBKGRs. 612.00